000 00313nam a22001457a 4500
008 210301b ||||| |||| 00| 0 eng d
020 _a9781256042976
041 _aeng
080 _a37
082 _a37
100 _a46
101 _aEDU
245 _aPearson Custom Education
_cRidgway, L
942 _2udc
_cBK
999 _c55320
_d55320